000
00340nam a2200145Ia 4500
005
20250515030103.0
008
240331s9999 xx 000 0 und d
082
_b
SIV
_a
302
100
_a
Sivakumar, M
245
0
_a
Cinema oru atputha mozhi
260
_a
Chennai
_b
South Vision
_c
1997
300
_a
339 p .,
650
_a
Cinema
942
_c
L
999
_c
1399
_d
1399